El capt̕ulo econm̤ico de la constitucin̤ y el desarrollo de Mx̌ico

Detalles Bibliográficos
Autor principal: Valero Flores, Carlos Norberto
Formato: eBook
Lenguaje:español
Publicado: Ciudad de Mx̌ico: Cm̀ara de Diputados, 2008
Materias:
Acceso en línea:Acceso restringido

MARC

LEADER 00000nam a22000007a 4500
005 20170919004118.0
007 cr|||| ||||
008 170919s2008 mx |||||s||||f00||0 spa d
035 |a 20567 
040 |a vLex 
090 |c 6986  |d 6986 
100 1 |a Valero Flores, Carlos Norberto 
245 1 2 |a El capt̕ulo econm̤ico de la constitucin̤ y el desarrollo de Mx̌ico  |h [Recurso electrn̤ico] /  |c Carlos Norberto Valero Flores 
256 |a Servicio en ln̕ea 
260 |a Ciudad de Mx̌ico:  |b Cm̀ara de Diputados,  |c 2008 
300 |a 1 recurso electrn̤ico (99 p.) 
506 1 |a Disponible solo en los productos indicados  |d vLex Global  |d vLex Global (Academic Edition, excluding Law Schools)  |d vLex Global (U.S. Academic Edition, Law Schools)  |d vLex Global (U.S. Academic Edition, excluding Law Schools)  |d vLex Global (Academic Edition, Law Schools) 
650 0 4 |a Derecho Constitucional  |z Mx̌ico 
650 0 4 |a Economa̕ y negocios  |z Mx̌ico 
740 0 |a vLex Libros (Servicio en ln̕ea) 
856 4 0 |u http://vlex.com/source/capitulo-economico-constitucion-desarrollo-mexico-20567  |z Acceso restringido 
942 |c BOOK 
999 0 |a Constitutional Law 
999 0 |a Economy and business